000 00980nam0a22002651 4500
001 rc\3756585
005 20250610112326.0
021 _aRU
_b[70-74280]
035 _a(NLR Aleph) 007876548
090 _a7891346
_c7891346
100 _a20130115d1970 |||y0rusy50 ca
101 0 _arus
102 _aRU
105 _ay z |||||
200 1 _aЭкономическое стимулирование и научная организация труда в торговле
210 _aФрунзе
_cКыргызстан
_d1970
215 _a36 с.
_d20
606 _aТорговые предприятия
_xЭкономическое стимулирование
_2psbo
606 _aТорговые предприятия
_xОрганизация и техника работы
_yФрунзе, г.
_2psbo
700 1 _aСрдыбаев
_bБ.Ч.
_gБакал Ч
801 0 _aRU
_bNLR
_gpsbo
801 1 _aRU
_bELAR
_2rusmarc
852 _aNLR
_j70-4/22410
942 _cBOOK
980 _aNB